Musicians, festivals and popular piety: Figurines en terre cuite de l’Égypte ptolémaïque et romaine
محفوظ في:
المؤلف الرئيسي:
التنسيق: كتاب
اللغة: Undetermined
منشور في:
Cairo
Institut français d'archéologie orientale
2025
سلاسل:
BiEtud 191
الموضوعات:
الوسوم: إضافة وسم
لا توجد وسوم, كن أول من يضع وسما على هذه التسجيلة!
رقم الطلب: On Hold
| LEADER | 00899nam a2200217Ia 4500 | ||
|---|---|---|---|
| 005 | 20260324113530.0 | ||
| 008 | 260324s9999||||xx |||||||||||||| ||und|| | ||
| 020 | |a 9782724710885 | ||
| 050 | 4 | |a On Hold | |
| 100 | 0 | |a Christophe Vendries | |
| 245 | 1 | 0 | |a Musicians, festivals and popular piety: Figurines en terre cuite de l’Égypte ptolémaïque et romaine |c Christophe Vendries |
| 246 | 0 | |a Figurines en terre cuite de l'Égypte ptolémaïque et romaine | |
| 264 | 1 | |a Cairo |b Institut français d'archéologie orientale |c 2025 | |
| 300 | |a 505 pages |b illustrations (chiefly color), color maps |c 29 cm | ||
| 490 | 0 | |a BiEtud 191 | |
| 500 | |a Includes bibliographical references (pages 347-412). | ||
| 650 | 4 | |a Decoration and ornament | |
| 650 | 4 | |a Decoration and ornament -- Egypt. | |
| 650 | 4 | |a Terra-cotta figurines, Hellenistic -- Egypt. | |
| 650 | 4 | |a Terra-cotta figurines, Roman -- Egypt. | |
| 999 | |c 61899 |d 61899 | ||
